000 01060pam a2200277 a 4500
001 3050433
003 OSt
005 20230907123443.0
008 960116s1996 nyu b 000 0 eng
010 _a 96000077
020 _a0134425677 (pbk.)
040 _aDLC
_cDLC
_dDLC
050 0 0 _aPN94
_b.B76 1996
082 0 0 _a801.950904
_bBRO/P
245 0 2 _aA practical reader in contemporary literary theory /
_cedited by Peter Brooker and Peter Widdowson.
260 _aNew York :
_bRoutledge,
_c2013.
300 _aix, 498 p. ;
_c24 cm.
504 _aIncludes bibliographical references.
650 0 _aCriticism
_xHistory
_y20th century.
650 0 _aLiterature, Modern
_xHistory and criticism.
700 1 _aBrooker, Peter
_99435
700 1 _aWiddowson, Peter
_99436
906 _a7
_bcbc
_corignew
_d1
_eocip
_f19
_gy-gencatlg
942 _2ddc
_cBK
_h801.950904
_iBRO/P
_k801.950904
_mBRO/P
999 _c42139
_d42139